[Event "FIRST SATURDAY FM-B JUNE 2013"]
[Site "Budapest"]
[Date "2013.06.07"]
[Round "7.3"]
[White "Steer, Jozsef"]
[Black "Szabo, Miklos Istvan"]
[Result "1-0"]
[WhiteElo "1938"]
[BlackElo "1322"]
[PlyCount "59"]
[EventDate "2013.06.01"]

1. e4 e5 2. Bc4 Nf6 3. Nf3 Nc6 4. Ng5 d5 5. exd5 Nxd5 6. Nxf7 Kxf7 7. Qf3+ Ke6
8. Nc3 Nd4 9. Qe4 c6 10. f4 Qd6 11. O-O g6 12. Re1 Kd7 13. Nxd5 cxd5 14. Bxd5
Qc5 15. b4 Qb6 16. Kh1 Bg7 17. fxe5 Ke7 18. Bb2 Ne6 19. a3 Rb8 20. c4 Qf2 21.
Bxe6 Bxe6 22. Bd4 Qxd2 23. Bxa7 Rbd8 24. Qxb7+ Qd7 25. Bc5+ Kf7 26. Rf1+ Bf5
27. Qf3 Bxe5 28. Rac1 Bd6 29. Qd5+ Kf6 30. Bd4+ 1-0

[Event "FIRST SATURDAY FM-B JUNE 2013"]
[Site "Budapest"]
[Date "2013.06.07"]
[Round "7.4"]
[White "Lukacs, Albert"]
[Black "Vasilev, Sergey"]
[Result "1-0"]
[WhiteElo "1917"]
[BlackElo "1521"]
[PlyCount "25"]
[EventDate "2013.06.01"]

1. e4 c5 2. Nf3 Nc6 3. Bb5 Qc7 4. O-O a6 5. Bxc6 bxc6 6. c4 f5 7. d3 fxe4 8.
dxe4 g6 9. Bd2 Bg7 10. Bc3 Nf6 11. e5 Ne4 12. Re1 d5 13. exd6 1-0

[Event "FIRST SATURDAY FM-B JUNE 2013"]
[Site "Budapest"]
[Date "2013.06.07"]
[Round "7.5"]
[White "Mihaly, Zoltan"]
[Black "Schmidt, Wolfgang"]
[Result "1-0"]
[WhiteElo "1798"]
[BlackElo "1450"]
[PlyCount "81"]
[EventDate "2013.06.01"]

1. c4 Nf6 2. g3 g6 3. Bg2 Bg7 4. Nc3 d6 5. d4 O-O 6. e3 Nbd7 7. Nge2 e5 8. O-O
Re8 9. Qc2 Ng4 10. b3 Rb8 11. Bb2 b6 12. Bh3 Qg5 13. Nb5 Qh5 14. Bxg4 Qxg4 15.
Nxc7 Re7 16. Nb5 Re6 17. Nxa7 f5 18. Nc6 Ra8 19. Kg2 h5 20. h3 Qg5 21. d5 Re8
22. f4 Qf6 23. Rae1 Qf7 24. a4 Bb7 25. Nb4 Nc5 26. Nd3 Bxd5+ 27. Kg1 Be4 28.
Nec1 h4 29. Qd2 hxg3 30. Nxc5 dxc5 31. fxe5 Rad8 32. Qe2 Qe7 33. Rf4 Bxe5 34.
Bxe5 Qxe5 35. Rd1 Rxd1+ 36. Qxd1 Kg7 37. Rh4 Qb2 38. Ne2 Re7 39. Rf4 Qf6 40.
Nxg3 g5 41. Nh5+ 1-0

[Event "FIRST SATURDAY FM-B JUNE 2013"]
[Site "Budapest"]
[Date "2013.06.08"]
[Round "8.2"]
[White "Schmidt, Wolfgang"]
[Black "Takacs, Zsolt"]
[Result "1/2-1/2"]
[WhiteElo "1450"]
[BlackElo "1830"]
[PlyCount "75"]
[EventDate "2013.06.01"]

1. d4 Nf6 2. Nf3 g6 3. c4 Bg7 4. Nc3 d5 5. e3 O-O 6. Bd3 c5 7. O-O Nc6 8. cxd5
cxd4 9. Nb5 Nxd5 10. Nfxd4 Nxd4 11. Nxd4 Nb4 12. Bb1 Qb6 13. a3 e5 14. Qb3 exd4
15. Qxb4 Qxb4 16. axb4 a6 17. e4 Bd7 18. Rd1 Bc6 19. Bd3 Rfe8 20. f3 Rad8 21.
Bd2 h5 22. h4 Rd7 23. Ra5 Re5 24. Rda1 Rde7 25. Bf4 Rxa5 26. Rxa5 Rd7 27. Kf2
Bf8 28. Bd2 Bd6 29. Bc4 Bc7 30. Ra3 Bb6 31. Ke2 Kg7 32. Bd3 Bd8 33. g3 f6 34.
Ra1 Re7 35. Kf2 Re8 36. Kg2 Bc7 37. Kf2 Bd6 38. Kg2 1/2-1/2

[Event "FIRST SATURDAY FM-B JUNE 2013"]
[Site "Budapest"]
[Date "2013.06.08"]
[Round "8.3"]
[White "Vasilev, Sergey"]
[Black "Mihaly, Zoltan"]
[Result "1-0"]
[WhiteElo "1521"]
[BlackElo "1798"]
[PlyCount "75"]
[EventDate "2013.06.01"]

1. c3 d5 2. Nf3 g6 3. d4 Bg7 4. Bg5 Nf6 5. Nbd2 O-O 6. Ne5 Qd6 7. e4 Nxe4 8.
Nxe4 dxe4 9. Bc4 Bxe5 10. dxe5 Qxe5 11. Bh6 Re8 12. Qb3 Qf6 13. h4 Nc6 14. Bg5
Na5 15. Qa4 Qc6 16. Bb5 Qc5 17. Bxe8 Bg4 18. Be3 Qd5 19. Qb5 Qc4 20. Qxc4 Nxc4
21. Bb5 Nxb2 22. Rb1 Nd3+ 23. Bxd3 exd3 24. Rxb7 Rc8 25. Rxa7 e5 26. f3 Bf5 27.
Rb7 e4 28. Kd2 exf3 29. gxf3 c5 30. Rhb1 Kg7 31. R7b5 c4 32. a4 Bd7 33. R5b4
Be6 34. Rb5 Bd7 35. Rc5 Be6 36. Ke1 Kf6 37. Kf2 Ke7 38. Rxc8 1-0

[Event "FIRST SATURDAY FM-B JUNE 2013"]
[Site "Budapest"]
[Date "2013.06.08"]
[Round "8.4"]
[White "Szabo, Miklos Istvan"]
[Black "Lukacs, Albert"]
[Result "0-1"]
[WhiteElo "1322"]
[BlackElo "1917"]
[PlyCount "70"]
[EventDate "2013.06.01"]

1. d4 d5 2. Nf3 Nf6 3. c4 e6 4. Nc3 a6 5. Bg5 Bb4 6. e3 O-O 7. Qc2 Nc6 8. Be2
h6 9. Bh4 dxc4 10. Bxc4 b5 11. Bd3 Bb7 12. O-O Be7 13. a3 Ng4 14. Bxe7 Qxe7 15.
h3 Nf6 16. e4 b4 17. Na4 Rfd8 18. Nc5 Bc8 19. Nxe6 Qxe6 20. d5 Qd7 21. e5 Nxd5
22. Bh7+ Kf8 23. Qc5+ Nde7 24. axb4 Qd5 25. Qc2 Bd7 26. Rfd1 Qb5 27. Bd3 Qb6
28. Qc4 Be6 29. Qe4 Bf5 30. Qc4 Bxd3 31. Rxd3 Qb5 32. Rxd8+ Rxd8 33. Qe4 Qd5
34. Qxd5 Nxd5 35. Rxa6 Ncxb4 0-1

[Event "FIRST SATURDAY FM-B JUNE 2013"]
[Site "Budapest"]
[Date "2013.06.08"]
[Round "8.6"]
[White "Marcu, Simon"]
[Black "Mayer, Istvan"]
[Result "0-1"]
[WhiteElo "1879"]
[BlackElo "2060"]
[PlyCount "88"]
[EventDate "2013.06.01"]

1. d4 Nf6 2. c4 g6 3. Nc3 d6 4. e4 Bg7 5. f3 c6 6. Be3 O-O 7. Bd3 Nbd7 8. Nge2
a6 9. O-O b5 10. a3 bxc4 11. Bxc4 d5 12. Ba2 dxe4 13. Nxe4 Nxe4 14. fxe4 Nf6
15. e5 Ng4 16. Rf3 Nxe3 17. Rxe3 Rb8 18. Qc2 Bg4 19. Rd1 Qb6 20. Rb3 Qa7 21.
Rxb8 Rxb8 22. Kh1 Rd8 23. h3 Bxe2 24. Qxe2 Rxd4 25. e6 f5 26. Bc4 Rxd1+ 27.
Qxd1 Bxb2 28. Bxa6 Bxa3 29. Bc8 Bd6 30. Bd7 Qc5 31. Qe1 Qc4 32. Be8 c5 33. Bf7+
Kg7 34. h4 Qf4 35. g3 Qxg3 36. Qxg3 Bxg3 37. h5 g5 38. Kg2 Be5 39. Kf2 Kf6 40.
Bg8 h6 41. Bf7 c4 42. Ke2 c3 43. Bg8 g4 44. Ke3 g3 0-1

[Event "FIRST SATURDAY FM-B JUNE 2013"]
[Site "Budapest"]
[Date "2013.06.09"]
[Round "9.2"]
[White "Steer, Jozsef"]
[Black "Marcu, Simon"]
[Result "1/2-1/2"]
[WhiteElo "1938"]
[BlackElo "1879"]
[PlyCount "49"]
[EventDate "2013.06.01"]

1. e4 e5 2. Bc4 d6 3. Nc3 Be7 4. Nf3 f5 5. exf5 Bxf5 6. d3 c6 7. a4 Nd7 8. Bxg8
Rxg8 9. h3 g5 10. g4 Be6 11. d4 Qc7 12. Qd3 Rg7 13. Be3 O-O-O 14. d5 cxd5 15.
Nxd5 Qa5+ 16. Qc3+ Qxc3+ 17. Nxc3 d5 18. Bxa7 d4 19. Ne4 Bd5 20. Nfd2 Kc7 21.
a5 Kc6 22. O-O Ra8 23. Bb6 Nxb6 24. axb6 Rxa1 25. Rxa1 1/2-1/2

[Event "FIRST SATURDAY FM-B JUNE 2013"]
[Site "Budapest"]
[Date "2013.06.09"]
[Round "9.4"]
[White "Mihaly, Zoltan"]
[Black "Szabo, Miklos Istvan"]
[Result "1-0"]
[WhiteElo "1798"]
[BlackElo "1322"]
[PlyCount "63"]
[EventDate "2013.06.01"]

1. c4 c5 2. g3 Nf6 3. Bg2 g6 4. Nc3 Bg7 5. e3 Nc6 6. Nge2 O-O 7. O-O e6 8. Nf4
Ne7 9. d4 cxd4 10. exd4 d5 11. c5 a6 12. a4 Bd7 13. Qb3 Bc6 14. Qc2 b5 15. axb5
axb5 16. Rxa8 Qxa8 17. b4 Nd7 18. Nce2 Qb7 19. Bb2 Ra8 20. Ra1 e5 21. dxe5
Rxa1+ 22. Bxa1 Bxe5 23. Bd4 Qa8 24. Qb2 Bxd4 25. Nxd4 Kf8 26. Bh3 Qb7 27. Nxc6
Qxc6 28. Qh8+ Ng8 29. Qxh7 Ne5 30. Bg2 Nf6 31. Qh8+ Ke7 32. Nxd5+ 1-0

[Event "FIRST SATURDAY FM-B JUNE 2013"]
[Site "Budapest"]
[Date "2013.06.10"]
[Round "10.1"]
[White "Csiba, Tibor Dr"]
[Black "Schmidt, Wolfgang"]
[Result "1-0"]
[WhiteElo "1587"]
[BlackElo "1450"]
[PlyCount "85"]
[EventDate "2013.06.01"]

1. d4 Nf6 2. c4 g6 3. Nc3 Bg7 4. e4 d6 5. f3 O-O 6. Nge2 Nbd7 7. Bg5 h6 8. Be3
c6 9. Qd2 Kh7 10. Ng3 e5 11. d5 Qc7 12. Bd3 a6 13. a4 b6 14. O-O Nc5 15. Bc2 a5
16. dxc6 Rd8 17. Nd5 Qxc6 18. Nxf6+ Bxf6 19. Bxh6 Ne6 20. Be3 Rb8 21. b3 Kg7
22. f4 exf4 23. Bxf4 Bxa1 24. Bh6+ Kg8 25. Rxa1 Qc7 26. Qc3 Kh7 27. Bc1 Bb7 28.
Bb2 Rf8 29. Qf6 Qd8 30. Qf3 f5 31. Nxf5 Rxf5 32. Qh3+ Rh5 33. Qxe6 Bc8 34. Qf7+
Kh6 35. Qg7+ Kg5 36. Bc1+ Kh4 37. g3+ Kh3 38. Bd3 Qh8 39. Bf1+ Kg4 40. Qxg6+
Kf3 41. Ra2 Qd4+ 42. Kh1 Bg4 43. Bg2# 1-0

[Event "FIRST SATURDAY FM-B JUNE 2013"]
[Site "Budapest"]
[Date "2013.06.10"]
[Round "10.3"]
[White "Szabo, Miklos Istvan"]
[Black "Takacs, Zsolt"]
[Result "0-1"]
[WhiteElo "1322"]
[BlackElo "1830"]
[PlyCount "87"]
[EventDate "2013.06.01"]

1. e4 c5 2. Nc3 Nc6 3. g3 g6 4. Bg2 Bg7 5. Nge2 e6 6. d3 a6 7. O-O Nge7 8. Be3
Nd4 9. Qd2 O-O 10. Bh6 Bxh6 11. Qxh6 Nxc2 12. Rad1 Nc6 13. Kh1 Qf6 14. f4 Ne3
15. e5 Qg7 16. Qh4 Nxd1 17. Rxd1 f6 18. exf6 Qxf6 19. Qh6 d5 20. Na4 Nd4 21.
Ng1 Nf5 22. Qh3 Ne3 23. Rd2 Nxg2 24. Qxg2 Qd4 25. Nc3 Bd7 26. Nf3 Qf6 27. Ne5
Bc6 28. d4 cxd4 29. Rxd4 Rac8 30. Kg1 b5 31. Nb1 Be8 32. Qd2 Qf5 33. Nc3 h5 34.
Kf2 Qxe5 35. Kf3 Rc4 36. Ne2 Rxd4 37. Nxd4 Qe4+ 38. Kf2 Bd7 39. Nb3 Rc8 40. Na1
d4 41. Qb4 Qe3+ 42. Kg2 Qe4+ 43. Kh3 e5+ 44. Kh4 0-1

[Event "FIRST SATURDAY FM-B JUNE 2013"]
[Site "Budapest"]
[Date "2013.06.10"]
[Round "10.5"]
[White "Marcu, Simon"]
[Black "Lukacs, Albert"]
[Result "1/2-1/2"]
[WhiteElo "1879"]
[BlackElo "1917"]
[PlyCount "35"]
[EventDate "2013.06.01"]

1. d4 d5 2. c4 e6 3. a3 Nf6 4. Nf3 Be7 5. c5 O-O 6. b4 Ne4 7. Bb2 Bd7 8. Nc3
Bf6 9. e3 c6 10. Bd3 Nxc3 11. Bxc3 Qc7 12. O-O g6 13. Ne5 Bg7 14. f4 Be8 15. h4
f6 16. Nf3 Nd7 17. Nd2 f5 18. Nf3 1/2-1/2

[Event "FIRST SATURDAY FM-B JUNE 2013"]
[Site "Budapest"]
[Date "2013.06.10"]
[Round "10.6"]
[White "Mayer, Istvan"]
[Black "Steer, Jozsef"]
[Result "1/2-1/2"]
[WhiteElo "2060"]
[BlackElo "1938"]
[PlyCount "25"]
[EventDate "2013.06.01"]

1. e4 c6 2. d4 d5 3. e5 Bf5 4. Bd3 Bxd3 5. Qxd3 e6 6. Nf3 Qb6 7. O-O c5 8. c4
dxc4 9. Qxc4 Nc6 10. dxc5 Qxc5 11. Qb3 Qb4 12. Nbd2 Qxb3 13. Nxb3 1/2-1/2

[Event "FIRST SATURDAY FM-B JUNE 2013"]
[Site "Budapest"]
[Date "2013.06.11"]
[Round "11.2"]
[White "Lukacs, Albert"]
[Black "Mayer, Istvan"]
[Result "1/2-1/2"]
[WhiteElo "1917"]
[BlackElo "2060"]
[PlyCount "51"]
[EventDate "2013.06.01"]

1. e4 e6 2. d4 d5 3. e5 c5 4. Nf3 Nc6 5. a3 cxd4 6. Bd3 Qc7 7. Bf4 Nge7 8. Qe2
Qb6 9. b4 a6 10. Nbd2 Ng6 11. Bg3 Be7 12. h4 f5 13. h5 Nf8 14. Bh4 Bd7 15. Nb3
Qc7 16. Bxe7 Nxe7 17. O-O Nc6 18. Rfe1 g6 19. h6 Bc8 20. Ng5 Qe7 21. f4 Nd7 22.
Nf3 O-O 23. Qd2 Nd8 24. Ng5 Nf7 25. Nxf7 Rxf7 26. Nxd4 1/2-1/2

[Event "FIRST SATURDAY FM-B JUNE 2013"]
[Site "Budapest"]
[Date "2013.06.11"]
[Round "11.3"]
[White "Mihaly, Zoltan"]
[Black "Marcu, Simon"]
[Result "0-1"]
[WhiteElo "1798"]
[BlackElo "1879"]
[PlyCount "60"]
[EventDate "2013.06.01"]

1. c4 e5 2. g3 c6 3. Nf3 d6 4. Nc3 f5 5. d3 Be7 6. Bg2 Nf6 7. Qb3 Na6 8. O-O
Qc7 9. Ng5 h6 10. Nf3 g5 11. e3 Bd7 12. Bd2 O-O-O 13. Qc2 Nh5 14. a3 f4 15. Ne2
g4 16. exf4 exf4 17. Nxf4 Nxf4 18. Bxf4 gxf3 19. Bxf3 Bg5 20. Bxg5 hxg5 21. Qd2
Rdg8 22. Rfe1 Nc5 23. Qe3 Bf5 24. d4 Nd3 25. Re2 Qh7 26. g4 Qxh2+ 27. Kf1 Qh3+
28. Kg1 Nf4 29. gxf5 Qh2+ 30. Kf1 Qh1+ 0-1

[Event "FIRST SATURDAY FM-B JUNE 2013"]
[Site "Budapest"]
[Date "2013.06.11"]
[Round "11.6"]
[White "Schmidt, Wolfgang"]
[Black "Vasilev, Sergey"]
[Result "1-0"]
[WhiteElo "1450"]
[BlackElo "1521"]
[PlyCount "44"]
[EventDate "2013.06.01"]

1. d4 g6 2. c4 Bg7 3. Nc3 d6 4. e4 Nc6 5. Nf3 Bg4 6. Be3 f5 7. exf5 gxf5 8. Be2
Bxf3 9. Bxf3 e6 10. Bh5+ Kd7 11. O-O Qh4 12. d5 Ne5 13. dxe6+ Kxe6 14. Qd5+ Kd7
15. Bf7 Qe7 16. Qxb7 Nf6 17. Bd5 Rab8 18. Qxa7 Rxb2 19. c5 Rhb8 20. cxd6 Qxd6
21. Bb3 Qb4 22. Rad1+ Kc6 1-0